Images par lettre - S - Statistiques

Statistiques générales
  • Ce quiz a été pris 468 fois
  • Le résultat moyen est 10 sur 15
Statistiques - réponses
Par images Réponse % Correct
Sucre
100%
Saumon
99%
Sardine
96%
Spaghetti
96%
Sushi
96%
Suisse
85%
Scrabble
84%
Sphinx
74%
San Francisco
71%
Suède
71%
Safran
55%
Singapour
32%
Shakespeare
30%
Spoutnik 1
17%
Salem
14%
Aucun quiz correspondant
Distribution des résultats
% des personnes avec chaque résultat
Percentile par nombre de réponses
Votre historique - résultats
Vous n’avez pas pris ce quiz